Synergy of linguistic summaries and fuzzy functional dependencies for mining knowledge in the data

Na minha lista:
Detalhes bibliográficos
Autor principal: Hudec, Miroslav, 1969-
Outros Autores: Vučetić, Miljan, Vujošević, Mirko
Formato: Capítulo de Livro
Idioma:inglês
Assuntos:
Tags: Adicionar Tag
Sem tags, seja o primeiro a adicionar uma tag!

MARC

LEADER 00000nla a2200000 4500
001 0195610
005 20240502083456.0
041 0 |a eng 
044 |a RO 
245 1 0 |a Synergy of linguistic summaries and fuzzy functional dependencies for mining knowledge in the data  |c Miroslav Hudec, Miljan Vučetić, Mirko Vujošević 
610 2 0 |a dolovanie dát 
610 2 0 |a systémy databázové 
610 2 0 |a analýzy 
610 2 0 |a experimenty 
100 1 |a Hudec, Miroslav, 1969- 
700 1 |a Vučetić, Miljan 
700 1 |a Vujošević, Mirko